000 00330nam a2200133Ia 4500
008 191201s2002 xx 000 0 und d
082 _a677.02825
_bEDP
100 _aEDGE, J H
245 0 _aPractical Cotton Finishing
260 _aN.Delhi
_bAbhishek Publications
_c2002
300 _a103
650 _aB.Tech(TE)
942 _2ddc
_cBK
999 _c2392
_d2392